| 000 | 00510nam a22001697a 4500 | ||
|---|---|---|---|
| 005 | 20251108165018.0 | ||
| 008 | 250721s1999 xx 000 0 ara d | ||
| 082 | 1 | 4 | _a539/اسم |
| 100 | 1 | _aإسماعيل، سامر إبراهيم حسين | |
| 245 | 1 | 0 | _aمفاهيم الفيزياء الحديثة / |
| 264 | 1 |
_aعمان : _bدار صفاء للنشر، _c1999. |
|
| 300 | _a184ص. | ||
| 650 | 1 | 7 | _aالفيزياء الرياضية |
| 650 | 1 | 7 | _aالفيزياء |
| 942 |
_2ddc _cBK |
||
| 999 |
_c19875 _d19875 |
||